Trease and Evans' pharmacognosy /

Detaylı Bibliyografya
Yazar: Evans, William Charles
Diğer Yazarlar: Trease, George Edward, 1902-, Evans, Daphne
Materyal Türü: Kitap
Dil:English
Baskı/Yayın Bilgisi: Edinburgh ; New York : New Delhi : WB Saunders ; Elsevier, 2002 [reprinted 2006]
Edisyon:15th edition;
Konular:
Classic Catalogue: View this record in Classic Catalogue
LEADER 02212nam a2200373 a 4500
001 12353635
003 BD-DhAAL
008 090727r20062002stka b 001 0 eng d
010 |a \\2001020899 
020 |a 0702026174 
020 |a 0702026182 (intl. stud. ed.) 
020 |a 9788131200872 
020 |a 8131200876 
040 |a DNLM/DLC  |c DLC  |d DLC  |d BD-DhAAL 
082 0 0 |a 615.321  |2 21 
100 1 |a Evans, William Charles.  |9 50018 
245 1 0 |a Trease and Evans' pharmacognosy /  |c William Charles Evans. 
246 3 0 |a Pharmacognosy 
250 |a 15th edition;  |b revised with the assistance of Daphne Evans. 
260 |a Edinburgh ;  |a New York :  |b WB Saunders ;  |a New Delhi :  |b Elsevier,  |c 2002 [reprinted 2006] 
300 |a viii, 585 pages :  |b illustrations ;  |c 29 cm. 
504 |a Includes bibliographical references and index. 
526 |x Mustak Ibn Ayub Department of Mathematics and Natural Sciences Course name and no. "not available" 
541 1 |e 00018866 
650 0 |a Pharmacognosy. 
650 1 2 |a Pharmacognosy. 
700 1 |a Trease, George Edward,  |d 1902-  |t Pharmacognosy  |9 59530 
700 1 |a Evans, Daphne.  |9 50021 
852 4 |a Ayesha Abed Library  |j General shelf 
942 |2 ddc  |c BK 
999 |c 8639  |d 8639 
952 |0 0  |1 0  |2 ddc  |4 0  |6 615_321000000000000_EVA_2006  |7 0  |9 10313  |a BRACUL  |b BRACUL  |c GEN  |d 2010-05-18  |e Parash Publishers  |g 1450.00  |l 9  |m 24  |o 615.321 EVA  |p 3010018866  |r 2023-08-10  |s 2023-06-18  |t 1  |v 2900.00  |w 2010-05-18  |y BK  |x Requisitioned by Mustak Ibn Ayub, Department of Mathematics and Natural Sciences, Course name and no. "not available" 
952 |0 0  |1 0  |2 ddc  |4 0  |6 615_321000000000000_EVA_2006  |7 0  |9 10314  |a BRACUL  |b BRACUL  |c GEN  |d 2010-05-18  |e Parash Publishers  |g 1450.00  |l 4  |m 12  |o 615.321 EVA  |p 3010018867  |r 2022-11-30  |s 2022-08-17  |t 2  |v 2900.00  |w 2010-05-18  |y BK  |x Requisitioned by Mustak Ibn Ayub, Department of Mathematics and Natural Sciences, Course name and no. "not available" 
952 |0 0  |1 0  |2 ddc  |4 0  |6 615_321000000000000_EVA_2006  |7 0  |9 10315  |a BRACUL  |b BRACUL  |c GEN  |d 2010-05-18  |e Parash Publishers  |g 1450.00  |l 9  |m 36  |o 615.321 EVA  |p 3010018868  |r 2022-09-07  |s 2022-08-08  |t 3  |v 2900.00  |w 2010-05-18  |y BK  |x Requisitioned by Mustak Ibn Ayub, Department of Mathematics and Natural Sciences, Course name and no. "not available"